| 000 | 01217nam a2200265Ia 4500 | ||
|---|---|---|---|
| 999 |
_c51346 _d51346 |
||
| 001 | 18326 | ||
| 003 | GE_BSU | ||
| 005 | 20221129163745.0 | ||
| 008 | 181216s2014||||ge |||||||||||||| ||geo|| | ||
| 020 | _a9789941067303x | ||
| 040 | _cGE_BSU | ||
| 041 | _ageo | ||
| 080 | _a159.9 ა-24 | ||
| 100 |
_aადლერი, ალფრედ _916213 |
||
| 245 |
_aროგორ გავიგოთ ადამიანის ბუნება / _cალფრედ ადლერი ; მთარგმნ.: ნინა და მარინა თურმანიძეები ; რედ. თამაზ თურმანიძე. |
||
| 264 |
_aთბილისი : _bპეგა, _c2014. |
||
| 300 |
_a305 გვ.; _b20 სმ. |
||
| 541 | _h8ლ. | ||
| 653 | _aფსიქოლოგია | ||
| 653 | _aადამიანის ქცევა. | ||
| 700 |
_aთურმანიძე, ნ. (ნინა) _eმთარგმნელი _916194 |
||
| 700 |
_aთურმანიძე, მ. (მარინა) _eმთარგმნელი _916214 |
||
| 700 |
_aთურმანიძე, თ. (თამაზ) _eრედაქტორი _916196 |
||
| 942 |
_cBK _2udc |
||